000
00214 a2200109 4500
020
_a
9789582400026
041
_a
spa
100
_a
Tashlin, Frank
245
_a
El oso que no lo era
942
_c
BK
999
_c
10866
_d
10866
999
_d
10866